| 000 | 00403nam a2200109Ia 4500 | ||
|---|---|---|---|
| 008 | 171204s9999 xx 000 0 und d | ||
| 245 | _aIntelligent Multimedia Surveillance: Current Trends And Research: | ||
| 245 | _cAndrea Cavallaro, Mohan Kankanhalli, and Pradeep K. Atrey | ||
| 260 | _c2013 | ||
| 650 | _xEMERGING TRENDS IN COMPUTING | ||
| 856 | _uhttp://down.ebook777.com/014/IntMulSurCurTreAndRes.pdf | ||
| 999 |
_c347150 _d347150 |
||